000 00641nam a22002417a 4500
003 UA-OsUOA
001 51831
007 ta
008 20080122b un ||||| |||| 00| 0 ukr d
100 _aКравчук В.
090 _a82-1
_bК65
942 _cBK
040 _aUA-OsUOA
_bukr
_cUA-OsUOA
_dUA-OsUOA
245 _aСиньоцвіт Горині
_bВибране
300 _a222 с.
955 _a3
041 _aukr
080 _a82-1
020 _a966-8261-06-2
260 _aХмельницький
_bПоділля
_c2003
650 7 _a82 Література. Літературознавство
_2UDC
999 _c337990
_d337990